Statistics for A Perfectly Normal Geography Quiz

Click here to take the quiz!

General Stats

  • This quiz has been taken 13 times
  • The average score is 6 of 10

Answer Stats

Hin'tHintAnswer% Correct
Capital of Japan (above)Beijing
91%
Capital of China (below)Tokyo
91%
Mwahahahahaha.What continent is Cyprus in?Europe
73%
That town in France that is one letter longY
73%
Hey! this question is normal! >:( ---->The capital of canadaOttawa
64%
That's better. :DThe """capital""" of CanadaToronto
55%
Pineapple on pizza is amazing.Where Hawaiian pizza was inventedCanada
45%
:O a math problem.What is 5 factorial?120
36%
The answer to this question is the capital of Spain.the capital of Spain
27%
That one town in New Zealand that's like a bajillion letters long.taumatawhakatangihangakoauauotamateaturipukakapikimaungahoronukupokaiwhenuakitanatahu
9%

Score Distribution

Percentile by Number Answered

Percent of People with Each Score

Your Score History

You have not taken this quiz